000 00371nam a2200169Ia 4500
003 0STCL
008 150530s9999 xx 000 0 und d
040 _aSTCL
_cSTCL
100 _aOSHO
245 _aFreedom The Courage to Be Yourself
260 _c2004
_aNew York
300 _a0
546 _aEnglish
942 _2ddc
_cBK
999 _c3623
_d3623
005 20220125165336.0